[Event "EU-ch Blitz"]
[Site "Katowice"]
[Date "2022.12.16"]
[Round "22"]
[White "Donchenko, Alexander"]
[Black "Jarmula, Lukasz"]
[Result "1/2-1/2"]
[WhiteElo "2636"]
[BlackElo "2469"]
[PlyCount "150"]
[EventDate "2022.12.16"]
[EventType "swiss (blitz)"]
[EventRounds "22"]
[EventCountry "POL"]
[SourceTitle "CBM 211 Extra"]
[Source "ChessBase"]
[SourceDate "2023.01.31"]
[SourceVersion "1"]
[SourceVersionDate "2023.01.31"]
[SourceQuality "1"]

1. Nf3 b6 2. g3 Bb7 3. Bg2 c5 4. c4 g6 5. d4 cxd4 6. Qxd4 Nf6 7. 0-0 Bg7 8. Nc3 0-0 9. Qh4 d6 10. Bh6 Nbd7 11. Rfd1 Rc8 12. b3 a6 13. Rac1 Rc5 14. Bxg7 Kxg7 15. Qd4 Kg8 16. e4 Qa8 17. Nd5 Bxd5 18. exd5 b5 19. Re1 bxc4 20. bxc4 Re8 21. Qh4 Qc8 22. Bh3 Qc7 23. Kg2 Ne5 24. Nxe5 dxe5 25. Qh6 e4 26. Qg5 Rb8 27. Rc2 Kg7 28. Kg1 Rxd5 29. cxd5 Qxc2 30. Qe5 Rb1 31. Rxb1 Qxb1+ 32. Bf1 Qxa2 33. Qxe7 Qxd5 34. Bxa6 Qf5 35. Be2 h5 36. h4 Nd5 37. Qa7 Qe5 38. Bc4 e3 39. Bxd5 exf2+ 40. Kxf2 Qxd5 41. Qa1+ Kh7 42. Qa7 Qf5+ 43. Kg2 Kg7 44. Qd4+ Qf6 45. Qa7 Qc6+ 46. Kf2 Qc2+ 47. Kf3 Qd3+ 48. Kf2 Qf5+ 49. Kg2 g5 50. hxg5 Qxg5 51. Kf2 Kg6 52. Qa6+ Qf6+ 53. Qxf6+ Kxf6 54. Ke2 Kg5 55. Kf3 Kf5 56. Kf2 Kg4 57. Kg2 f6 58. Kf2 Kg5 59. Kf3 Kf5 60. Kf2 Ke4 61. Ke2 f5 62. Kf2 Ke5 63. Ke3 Kf6 64. Kf4 Kg6 65. Ke3 Kg5 66. Kf3 Kg6 67. Kf4 Kf6 68. Ke3 Ke5 69. Kf3 Ke6 70. Kf4 Kf6 71. Ke3 Kg5 72. Kf3 f4 73. gxf4+ Kf5 74. Kg3 h4+ 75. Kxh4 Kxf4 1/2-1/2

[Event "EU-ch Blitz"]
[Site "Katowice"]
[Date "2022.12.16"]
[Round "21"]
[White "Jarmula, Lukasz"]
[Black "Donchenko, Alexander"]
[Result "0-1"]
[WhiteElo "2469"]
[BlackElo "2636"]
[PlyCount "85"]
[EventDate "2022.12.16"]
[EventType "swiss (blitz)"]
[EventRounds "22"]
[EventCountry "POL"]
[SourceTitle "CBM 211 Extra"]
[Source "ChessBase"]
[SourceDate "2023.01.31"]
[SourceVersion "1"]
[SourceVersionDate "2023.01.31"]
[SourceQuality "1"]

1. e4 c6 2. d4 d5 3. Nd2 dxe4 4. Nxe4 Nf6 5. Nxf6+ exf6 6. c3 Bd6 7. Bd3 0-0 8. Ne2 Re8 9. 0-0 Qc7 10. Ng3 Nd7 11. Qc2 Nf8 12. Bd2 Be6 13. c4 Rad8 14. Bc3 Ng6 15. Rad1 Kh8 16. Rfe1 Nf4 17. Bf1 Bg4 18. Rxe8+ Rxe8 19. Re1 Rd8 20. h3 Bc8 21. Qe4 Bf8 22. Bd2 Ng6 23. Bc3 Bd7 24. Qf3 Be6 25. Bd3 Nf4 26. Bf1 Ng6 27. Bd3 Nf4 28. Bf1 a6 29. b3 b5 30. Bd2 Ng6 31. Be3 Bb4 32. Rc1 Qd7 33. Ne4 Ba3 34. Rd1 bxc4 35. bxc4 Bf5 36. g3 Bf8 37. Bg2 Bxh3 38. Bxh3 Qxh3 39. Nc3 Qe6 40. d5 Ne5 41. Qe4 Qh3 42. Qg2 Qh5 43. Rf1 0-1

[Event "EU-ch Blitz"]
[Site "Katowice"]
[Date "2022.12.16"]
[Round "13"]
[White "Jarmula, Lukasz"]
[Black "Grandelius, Nils"]
[Result "0-1"]
[WhiteElo "2469"]
[BlackElo "2660"]
[PlyCount "85"]
[EventDate "2022.12.16"]
[EventType "swiss (blitz)"]
[EventRounds "22"]
[EventCountry "POL"]
[SourceTitle "CBM 211 Extra"]
[Source "ChessBase"]
[SourceDate "2023.01.31"]
[SourceVersion "1"]
[SourceVersionDate "2023.01.31"]
[SourceQuality "1"]

1. e4 c5 2. Nf3 e6 3. d4 cxd4 4. Nxd4 a6 5. c4 Nf6 6. Nc3 Qc7 7. a3 b6 8. Be3 Bb7 9. f3 Be7 10. Be2 0-0 11. 0-0 d6 12. Rc1 Nbd7 13. b4 Rac8 14. Qd2 Rfe8 15. Rfd1 Qb8 16. Nb3 h5 17. Bf4 Ne5 18. Bxe5 dxe5 19. Qe3 Ba8 20. Na4 Bd8 21. c5 b5 22. Nc3 h4 23. Rd6 Bc6 24. Na2 Be7 25. Rdd1 Nh7 26. Rc2 Bg5 27. Qc3 Red8 28. Na5 Ba8 29. Rxd8+ Rxd8 30. c6 Qb6+ 31. Kf1 Be3 32. c7 Rc8 33. Qd3 Bg1 34. Bd1 Bxh2 35. Rc5 Nf6 36. Nc3 Kh7 37. Ne2 Ne8 38. Bb3 Rxc7 39. Qd8 Qa7 40. Qxe8 Rxc5 41. bxc5 Qxc5 42. Qxa8 Qxa3 43. Qe8 0-1